000 01014nam a2200253Ia 4500
999 _c37716
_d37716
001 3691
003 GE_BSU
005 20190527185409.0
008 181216s1990||||g |||||||||||||| ||geo||
020 _a5505008194
040 _cGE_BSU
041 _ageo
080 _a51(076.1)(072)+51(076.2) მ-15
245 _aმათემატიკის ამოცანათა კრებული : დამხმ.სახელმძღვ. /
_c რედ : რ. დანელია.
264 _aთბილისი :
_bგანათლება,
_c1988.
300 _a430 გვ .:
_c21 სმ.
653 _aმათემატიკა
653 _aმათემატიკის ამოცანათა კრებული
700 _aმძინარიშვილი,ლ
_91672
700 _aბერიძე, ლ
_91673
700 _aგელაშვილი,მ
_91674
700 _aდანელია, ა
_eრედაქტორი
_91675
942 _cBK
_2udc